| 000 | 00408 a2200133 4500 | ||
|---|---|---|---|
| 001 | 88560 | ||
| 082 | _a623.7469 FAR | ||
| 090 |
_c41907 _d41907 |
||
| 100 | _aMuhammad Farooq Bin Akram | ||
| 245 | _aOptimization and integration of NACA submerged inlet for unmanned aerial vehicle operating in high subsonic regime | ||
| 260 |
_aRisalpur _bNUST _c2006 |
||
| 300 |
_axv, 115 p. _bHb |
||
| 500 | _aMS thesis | ||
| 942 |
_aCAE NUST _k623.7469 FAR |
||
| 999 |
_c323633 _d323633 |
||